| 000 | 00000nam##2200000za#4500 |
| 001 | 9.661473 |
| 003 | CaOODSP |
| 005 | 20200330135719 |
| 007 | ta |
| 008 | 150407|2000||||xxc||||| f|0| 0 eng|d |
| 020 | |a0-662-64632-0 |
| 040 | |aCaOODSP|beng |
| 041 | |aeng |
| 041 | |afre |
| 043 | |an-cn--- |
| 086 | 1 |aRG64-6/1-2000 |
| 110 | 1 |aCanada. |bIndustry Canada. |
| 245 | 10|aCode of ethics for trustees in bankruptcy |
| 260 | |aOttawa - Ontario : |bIndustry Canada |c2000. |
| 546 | |aBilingual |
| 563 | |aPamphlet |
| 776 | 0#|tCode de déontologie des syndics de faillite |w(CaOODSP)9.642037 |
| 776 | 0#|tCode of ethics for trustees in bankruptcy |w(CaOODSP)9.698041 |
| 792 | |tCode de déontologie des syndics de faillite |efre|w(CaOODSP)9.661474 |
| 986 | |a52945B |